Способ измерения дымности отработавших газов и устройство для его осуществления; Измерительная техника; № 7

Podrobná bibliografie
Parent link:Измерительная техника=Measurement Techniques: научно-технический журнал/ Российская Федерация, Федеральное агентство по техническому регулированию и метрологии (Ростехрегулирование) (Госстандарт России).— , 1940-1941, 1955-.— 0368-1025
№ 7.— 2004.— С. 56-59
Hlavní autor: Дрозд С. Н.
Další autoři: Кугейко М. М., Фираго В. А.
Jazyk:ruština
Vydáno: 2004
Edice:Физико-химические измерения
Témata:
Médium: MixedMaterials Kapitola
KOHA link:https://koha.lib.tpu.ru/cgi-bin/koha/opac-detail.pl?biblionumber=393511

MARC

LEADER 00000naa2a2200000 4500
001 393511
005 20231101064409.0
035 |a (RuTPU)RU\TPU\prd\29569 
090 |a 393511 
100 |a 20041105a2004 k y0rusy50 ca 
101 0 |a rus 
102 |a RU 
200 1 |a Способ измерения дымности отработавших газов и устройство для его осуществления  |f С. Н. Дрозд, М. М. Кугейко, В. А. Фираго 
225 1 |a Физико-химические измерения 
320 |a Библиогр.: 4 назв. 
461 1 |0 (RuTPU)RU\TPU\prd\1509  |x 0368-1025  |t Измерительная техника  |l Measurement Techniques  |o научно-технический журнал  |f Российская Федерация, Федеральное агентство по техническому регулированию и метрологии (Ростехрегулирование) (Госстандарт России)  |d 1940-1941, 1955- 
463 1 |0 (RuTPU)RU\TPU\prd\28348  |t № 7  |v С. 56-59  |d 2004 
610 1 |a измерение дымности 
610 1 |a массовая концентрация 
610 1 |a дымомер 
610 1 |a устойчивость 
610 1 |a дестабилизирующие факторы 
675 |a 621.375  |v 3 
700 1 |a Дрозд  |b С. Н. 
701 1 |a Кугейко  |b М. М. 
701 1 |a Фираго  |b В. А. 
801 1 |a RU  |b 63413507  |c 20041105  |g PSBO 
801 2 |a RU  |b 63413507  |c 20121218  |g RCR 
942 |c BK